| 000 | 01862nam a2200505 i 4500 | ||
|---|---|---|---|
| 001 | 19887 | ||
| 003 | KOSZ 005 | ||
| 005 | 20221216080650.0 | ||
| 008 | 000114s1981 pl a |000 0 pol | ||
| 015 | _aUWD 1981/3895 | ||
| 035 | _a991012566389705066 | ||
| 035 | _a(PL-WaBN)b13399603-48omnis_nlop | ||
| 035 | _ab13399603 | ||
| 035 | _a(OCoLC)830196937 | ||
| 035 | _a(PL)b0000001339960 | ||
| 035 | _a(EXLNZ-48OMNIS_NETWORK)9910397603705606 | ||
| 040 |
_aWA N _cWA N _dKR U _dKOSZ 005/HR |
||
| 041 | 0 |
_apol _bruse _beng |
|
| 046 | _k1981 | ||
| 080 | _a33 | ||
| 080 | _a005 | ||
| 245 | 0 | 0 |
_aProblemy kierowania systemami ekonomicznymi I / _c[red. nauk. Marek Wermus]. |
| 246 | 1 | 3 | _aProblem of management of economic systems |
| 260 |
_aWrocław : _bWydaw. PW, _c1981. |
||
| 300 |
_a101 s. : _bil., 2 tab. ; _c24 cm. |
||
| 336 |
_aTekst _btxt _2rdacontent |
||
| 337 |
_aBez urządzenia pośredniczącego _bn _2rdamedia |
||
| 338 |
_aWolumin _bnc _2rdacarrier |
||
| 380 | _aKsiążki | ||
| 388 | _a1901-2000 | ||
| 388 | _a1945-1989 | ||
| 490 | 1 |
_aPrace Naukowe Instytutu Organizacji i Zarządzania Politechniki Wrocławskiej. Studia i Materiały, _v12 |
|
| 500 | _aSer. gł.: 0324-9468 ; 33. | ||
| 504 | _aBibliogr. przy rozdz. | ||
| 546 | _aStreszcz. rus., ang. | ||
| 650 | 7 |
_aNauki ekonomiczne _2DBN |
|
| 658 | _aGospodarka, ekonomia, finanse | ||
| 658 | _aZarządzanie i marketing | ||
| 700 | 1 |
_aWermus, Marek _eRedakcja |
|
| 830 | 0 |
_aPrace Naukowe Instytutu Organizacji i Zarządzania Politechniki Wrocławskiej. _pStudia i Materiały _v12 |
|
| 856 |
_uhttp://koha.tu.koszalin.pl/cgi-bin/koha/opac-detail.pl?biblionumber=19887 _yKatalog online BPK |
||
| 830 | 0 |
_aPrace Naukowe Instytutu Organizacji i Zarządzania Politechniki Wrocławskiej. _pMonografie _v33 |
|
| 942 |
_2UKD _cKS |
||
| 999 |
_c19887 _d19887 |
||